[Event "Gelsenkirchen Silvester op 5th"]
[Site "Gelsenkirchen"]
[Date "2017.12.27"]
[Round "1"]
[White "Rohfleisch, Daniel"]
[Black "Gebert, Claus"]
[Result "1-0"]
[WhiteElo "1749"]
[BlackElo "1503"]
[PlyCount "93"]
[EventDate "2017.12.27"]
[EventType "swiss"]
[EventRounds "5"]
[EventCountry "GER"]
[SourceTitle "CBM 182 Extra"]
[Source "ChessBase"]
[SourceDate "2018.02.23"]
[SourceVersion "1"]
[SourceVersionDate "2018.02.23"]
[SourceQuality "1"]

1. e4 e5 2. Nf3 Nc6 3. Nc3 Nf6 4. d4 d6 5. dxe5 Nxe5 6. Nxe5 dxe5 7. Qxd8+ Kxd8 8. Bg5 Be7 9. 0-0-0+ Bd7 10. Bc4 Ng4 11. Bxe7+ Kxe7 12. Rd2 Rhd8 13. Nd5+ Kf8 14. f3 Nf6 15. Nxf6 gxf6 16. Rhd1 Ke7 17. Bxf7 b5 18. Bh5 Rab8 19. b4 Rb6 20. Bg4 Rd6 21. Bxd7 R8xd7 22. Rxd6 cxd6 23. Rd5 a6 24. a4 Rb7 25. axb5 axb5 26. Kd2 Ke6 27. Ke3 f5 28. g3 fxe4 29. fxe4 Rb6 30. g4 Kd7 31. Kd2 Kc6 32. Rd3 Rb7 33. Rh3 Rg7 34. Rh4 Kd7 35. h3 Ke7 36. Rh6 Rf7 37. Ke3 Kd7 38. g5 Rg7 39. h4 Ke7 40. Kd2 Kd7 41. c4 Kc6 42. c5 Rd7 43. h5 Kc7 44. Rxd6 Rxd6+ 45. cxd6+ Kxd6 46. g6 hxg6 47. h6 1-0

[Event "Gelsenkirchen Silvester op 3rd"]
[Site "Gelsenkirchen"]
[Date "2015.12.28"]
[Round "3"]
[White "Remy, Jochen"]
[Black "Rohfleisch, Daniel"]
[Result "1/2-1/2"]
[WhiteElo "1952"]
[BlackElo "1562"]
[PlyCount "46"]
[EventDate "2015.12.27"]
[EventType "swiss"]
[EventRounds "5"]
[EventCountry "GER"]
[SourceTitle "EXT 2019"]
[Source "ChessBase"]
[SourceDate "2018.10.10"]
[SourceVersion "1"]
[SourceVersionDate "2018.10.10"]
[SourceQuality "1"]

1. Nf3 Nf6 2. g3 b6 3. Bg2 Bb7 4. c4 c5 5. 0-0 e6 6. b3 g6 7. Bb2 Bg7 8. d3 0-0 9. Nc3 Nc6 10. Qd2 Qe7 11. Rad1 Rad8 12. Qc1 d5 13. cxd5 exd5 14. d4 cxd4 15. Ba3 Nb4 16. Nxd4 Rc8 17. Qd2 Rfd8 18. Na4 a5 19. Nxb6 Rb8 20. Rc1 Ne4 21. Qd1 Qe5 22. Bxb4 axb4 23. e3 Nc3 1/2-1/2